00698cam a2200205 4500008004100000020001500041035001200056050002100068100001900089245007400108260005500182300002100237440002600258500004200284500005800326504002100384506002000405650004100425700002600466040608r20022002mx 000 0 spa u a9681654838 aa43767504aJC336 bC64 20021 aCohen, Jean L.10aSociedad civil y teoría política /cJean L. Cohen y Andrew Arato. aMéxico :bFondo de cultura económica, ccr2002 a703 p. ;c23 cm. 0aObras de sociología aTraducción de Roberto Reyes Mazzoni aTítulo original: Civil Society and Political Theory aIncluye índice aRec. prop. esc. 7aCiencia política xHistoria 2Lemb1 aArato, Andrew, coaut.